Planning and management of roadside vegetation; (Record no. 549171)

000 -LEADER
fixed length control field 00638cam a22001811 4500
082 ## - DEWEY DECIMAL CLASSIFICATION NUMBER
Classification number 715
Author Mark NAT
-- NAS, NRS
110 2# - MAIN ENTRY--CORPORATE NAME
Corporate name or jurisdiction name as entry element National Research Council (U.S.).
9 (RLIN) 20017
245 10 - TITLE STATEMENT
Title Planning and management of roadside vegetation;
Remainder of title an analysis of principles.
260 ## - PUBLICATION, DISTRIBUTION, ETC.
Place of publication, distribution, etc. Washington,
Date of publication, distribution, etc. 1956.
300 ## - PHYSICAL DESCRIPTION
Extent iv, 48 p.
Other physical details illus.
Dimensions 28 cm.
490 1# - SERIES STATEMENT
Series statement Highway Research Board. Special report 23
490 1# - SERIES STATEMENT
Series statement National Research Council (U.S.). Publication
526 ## - STUDY PROGRAM INFORMATION NOTE
Program name 0
Interest level 0
Reading level 0
Title point value 715_000000000000000_NAT
650 #0 - SUBJECT ADDED ENTRY--TOPICAL TERM
Topical term or geographic name entry element Landscape gardening.
9 (RLIN) 32117
650 #0 - SUBJECT ADDED ENTRY--TOPICAL TERM
Topical term or geographic name entry element Roadside improvement.
9 (RLIN) 21192
650 #0 - SUBJECT ADDED ENTRY--TOPICAL TERM
Topical term or geographic name entry element Tree planting.
9 (RLIN) 45704
942 ## - ADDED ENTRY ELEMENTS (KOHA)
Source of classification or shelving scheme
Koha item type Book
Holdings
Withdrawn status Lost status Source of classification or shelving scheme Damaged status Not for loan Permanent Location Current Location Date acquired Total Checkouts Full call number Barcode Date last seen Price effective from Koha item type
          Military College of Engineering (MCE) Military College of Engineering (MCE) 09/18/2014   715 NAT MCE-42364 09/18/2014 09/18/2014 Book
© 2023 Central Library, National University of Sciences and Technology. All Rights Reserved.